Online
Catalog

José Rafael Pocaterra : (Record no. 2670)

MARC details
000 -CABECERA
campo de control de longitud fija 00830cam a2200229 a 4500
001 - NÚMERO DE CONTROL
campo de control 000002836
005 - FECHA Y HORA DE LA ÚLTIMA TRANSACCIÓN
campo de control 20200929150252.0
008 - DATOS DE LONGITUD FIJA--INFORMACIÓN GENERAL
campo de control de longitud fija 770923s1976 ve b 001 j spa
040 ## - FUENTE DE LA CATALOGACIÓN
Centro catalogador/agencia de origen DO-SdBNP
Lengua de catalogación spa
Centro/agencia transcriptor BNPHU
082 ## - NÚMERO DE LA CLASIFICACIÓN DECIMAL DEWEY
Número de clasificación V863.09
Número de documento/Ítem P739fzT
100 1# - ENTRADA PRINCIPAL--NOMBRE DE PERSONA
Nombre de persona Tejera, María Josefina.
9 (RLIN) 8980
245 10 - MENCIÓN DE TÍTULO
Título José Rafael Pocaterra :
Resto del título ficción y denuncia /
Mención de responsabilidad, etc. María Josefina Tejera.
260 ## - PUBLICACIÓN, DISTRIBUCIÓN, ETC.
Lugar de publicación, distribución, etc. Caracas, (Venezuela) :
Nombre del editor, distribuidor, etc. Monte Avila Editores,
Fecha de publicación, distribución, etc. 1976.
300 ## - DESCRIPCIÓN FÍSICA
Extensión 470 p. ;
Dimensiones 18 cm.
490 1# - MENCIÓN DE SERIE
Mención de serie Estudios
504 ## - NOTA DE BIBLIOGRAFÍA, ETC.
Nota de bibliografía, etc. Incluye referencias bibliográficas :[p. 433-470.]
500 ## - NOTA GENERAL
Nota general Incluye índice.
600 14 - PUNTO DE ACCESO ADICIONAL DE MATERIA--NOMBRE DE PERSONA
Nombre de persona POCATERRA, JOSÉ RAFAEL
Fechas asociadas al nombre 1890-1955
Subdivisión general CRÍTICA E INTERPRETACIÓN
9 (RLIN) 8981
650 #4 - PUNTO DE ACCESO ADICIONAL DE MATERIA--TÉRMINO DE MATERIA
Término de materia o nombre geográfico como elemento de entrada Cuentos venezolanos
Subdivisión general Historia y crítica
9 (RLIN) 8982
650 #4 - PUNTO DE ACCESO ADICIONAL DE MATERIA--TÉRMINO DE MATERIA
Término de materia o nombre geográfico como elemento de entrada Novela venezolana
Subdivisión general Historia y crítica
9 (RLIN) 8983
830 #0 - PUNTO DE ACCESO ADICIONAL DE SERIE-TÍTULO UNIFORME
Título uniforme Estudios
9 (RLIN) 3854
Holdings
Estado de retiro Estado de pérdida Restricciones de uso No para préstamo Código de colección Localización permanente Ubicación/localización actual Ubicación en estantería Fecha de adquisición Número de inventario Total de préstamos Signatura topográfica completa Código de barras Fecha visto por última vez Precio válido a partir de Tipo de ítem Koha Número de copia
      Préstamo restrigido Monografías: Libros y Folletos General General En encuadernación 03.07.2009 LF1   V863.09 P739fzT 2836-10 25.06.2020 25.06.2020 Préstamo en sala  
    Préstamo interno Préstamo restrigido Monografías: Libros y Folletos General General En encuadernación 09.12.2010 LF1   V863.09 P739fzT 2836-20 25.06.2020 25.06.2020 Préstamo interno e.2

Powered by Koha